| 000 | 00348nam a2200097Ia 4500 | ||
|---|---|---|---|
| 082 | _a375.001|PERO | ||
| 245 | 0 | _aShaping the future of South Africa's youth : rethinking post-school education and skills training | |
| 100 |
_a Cloete, Nico Somerset West, South Africa, 2012 _946390 |
||
| 942 | _cBK | ||
| 008 | 210817s9999 xx 000 0 und d | ||
| 999 |
_c152679 _d152679 |
||